[Event "FIDE World Cup 2011"]
[Site "Khanty-Mansiysk RUS"]
[Date "2011.09.16"]
[Round "7.1"]
[White "Grischuk, Alexander"]
[Black "Svidler, Peter"]
[Result "0-1"]
[WhiteElo "2746"]
[BlackElo "2739"]
[PlyCount "60"]
[EventDate "2011.08.28"]

1. e4 c5 2. Nf3 e6 3. d4 cxd4 4. Nxd4 a6 5. Nc3 b5 6. Bd3 Qb6 7. Nf3 Nc6 8. O-O
Qb8 9. Re1 Bd6 10. e5 $1 $146 {A novelty and a strong one.} Bc7 {And now comes
the first question: could the pawn not be taken? Considering the speed with
which Svidler played at this point, it is fairly safe to assume he had already
seen this move in his home preparation.} ({The answer is that taking with} 
10... Nxe5 11. Nxe5 Bxe5 12. Rxe5 $1 Qxe5 13. Qf3 d5 14. Bf4 {could lead to
near fatal issues with White declaring open season on the queen, as well as
Black's terrible development.} Qf6 15. Qg3 h5 {with the idea of h4. However
White would then have a winning assault starting with} 16. Nxd5 $3 {Since this
is still early opening preparation, one can be certain this had been analyzed
in advance.} exd5 17. Re1+ Kd7 18. Be5 Qd8 {The only move to not lose the rook
on h8.} (18... Qe7 $4 19. Bc3 Qd8 20. Qxg7) 19. c4 $3 bxc4 (19... dxc4 20. Be4
{Threatening the rook on a8 now as well as Re1+.}) 20. Bxc4 {Now White would
win back his investment with while maintaining the pressure. For example} Ne7
21. Bb3 Rh6 22. Bc7 Qxc7 23. Rxe7+ Kxe7 24. Qxc7+) 11. Bf4 Nge7 12. Qe2 Ng6 13.
Bg3 Bb7 14. Rad1 Nce7 15. Be4 Bxe4 16. Nxe4 O-O $5 {A bold move, inviting
Grischuk to take. Black sweeps the king away to safety and if the pawn is
taken, will trap the rook.} 17. Rxd7 {White doesn't really have any choice
since there are no better alternatives.} Nd5 18. Nd6 $2 {A mistake, throwing
away any chance of keeping an edge.} ({The attacking attempt with} 18. Nfg5 $5
{doesn't quite do it and after} h6 19. Nxe6 fxe6 20. Qg4 Qe8 21. Rxc7 Nxc7 22.
Nd6 Nxe5 23. Bxe5 Qe7 {is roughly equal.}) (18. Qd3 Qb7 19. Nc3 Rfd8 20. Rxd8+
Rxd8 21. Nxd5 Rxd5 22. Qe4 {and White resolves the problem with his rook and
is ahead a pawn. Black has compensation, but there is no question who is
fighting to win and who is fighting to save the game.}) 18... Nb6 19. Rxf7 $5
Rxf7 20. Nxf7 Kxf7 21. Ng5+ Kg8 (21... Ke7 22. Nxh7 $14) 22. Nxe6 $11 Qc8 23.
Qg4 Ra7 24. Rd1 (24. f4 $2 Bxe5 $1 25. fxe5 Re7 $19) (24. h3 $1 {protecting
the queen so the knight could leave its precarious position. Now if Black
played} Na4 {as in the game, then} 25. Nxc7 Qxg4 26. hxg4 Rxc7 27. e6 $1 {
should hold.}) 24... Na4 25. h3 $2 ({Though ugly, better was} 25. b3 Nc5 26.
Qd4 Qxe6 (26... Nxe6 27. Qxa7) 27. Qxc5 Rb7 $16) 25... Nxb2 26. Rd5 $4 $19 {
Grischuk collapses and it is over.} Bb6 27. Rd6 Nc4 28. Qf5 Rf7 29. Qe4 Nxd6
30. exd6 Nf8 0-1